Представление документа в формате MARC21

Поле Инд. ПП Название Значение
Тип записи a
Библиографический уровень m
001 Контрольный номер RU/LIBMSTU/231068567
005 Дата корректировки 20190909105831.3
020 00 a ISBN 5-16-000555-2
c Цена, тираж 274-05; 585-00
084 a Индекс другой классификации/Индекс ББК 65я2+65.291.21
090 00 a Полочн. индекс 65я2
x Авторский знак У 67
245 00 a Заглавие Управление организацией
b Продолж. заглавия Энциклопедический словарь
c Ответственность под ред. А. Г. Поршнева [и др.] ; М-во образования Рос. Федерации, Гос. ун-т упр.
260 00 a Место издания Москва
b Издательство Инфра-М
c Дата издания 2001
c Дата издания 2009
300 00 a Объем Х, 822 с.
504 a Библиография Библиогр.: с. 820-821
650 _4 a Основная рубрика Организация-Управление-Энциклопедии
653 00 a Ключевые слова Менеджмент
a Ключевые слова Организации
a Ключевые слова Управление организациями
990 00 f Даты поступлений (DOS) 05.03